Le blé en herbe /

I tiakina i:
Ngā taipitopito rārangi puna kōrero
Kaituhi matua: Colette (autor)
Hōputu: Pukapuka
Reo:Wīwī
I whakaputaina: París, Francia : Flammarion, 1923, c1923
Rangatū:(Le Roman d'Aujourd'hui ; 3)
Ngā marau:
Ngā Tūtohu: Tāpirihia he Tūtohu
Kāore He Tūtohu, Me noho koe te mea tuatahi ki te tūtohu i tēnei pūkete!

MARC

LEADER 00000nam^a2200000^a^4500
001 000380054
005 20250526000000.0
009 20260310120544.685
037 |a Acervo ITESO - Biblioteca 
041 |a FRA 
082 |a 808. 83  |b ROM V. 3 
100 |a Colette  |e (autor) 
240 1 4 |a [El trigo verde] 
245 1 3 |a Le blé en herbe /  |c Colette. 
264 4 |a París, Francia :  |b Flammarion,  |c 1923, c1923 
300 |a 71 p. ;  |c 24.0 cm. 
336 |a texto  |b txt  |2 rdacontenido 
337 |a sin mediación  |b n  |2 rdamedio 
338 |a volumen  |b nc  |2 rdasoporte 
440 4 |a (Le Roman d'Aujourd'hui ;  |v 3) 
545 0 |a Colette, escritora francesa (1873-1954). Entre 1900 y 1903 publicó, junto con su primer esposo, Henri Gauthier-Villars, una serie de novelas sobre Claudine; posteriormente escribió numerosos libros que hicieron de ella, en Francia, la más famosa autora de la primera mitad del siglo XX. Cabe destacar sus facetas de memorialista, periodista y actriz teatral. Fue presidente de la Académie Goncourt, grand-officer de la Légion d'Honneur y miembro de la Académie Royale de Belgique. Entre sus títulos más importantes se cuentan: Diálogos de animales (1904), La vagabunda (1910), La otra cara del music-hall (1913), Chéri (1920), El trigo verde (1923), La gata (1933), Gigi (1945), El farol azul (1949), algunos de los cuales han sido adaptados para el teatro y el cine. En un principio de tono autobiográfico, su obra fue enriqueciéndose con la observación del carácter y las relaciones humanas. 
649 |a XX 
650 |a Novela Francesa 
650 |a Literatura Francesa -  |y Siglo XX 
650 |a Literatura de Mujeres -  |z Francia 
910 |a Fondo General 
920 |a Impresos - Libros 
930 |a Libros Antiguos y Raros 
940 |a Literatura 
905 |a 108 
901 |a 0500274911  |b IT2  |c LRA  |i D77891  |u 20250526 
902 |a https://opac.biblio.iteso.mx/vufind/Record/000380054